01600cam a2200361 a 4500999001900000001000800019003000500027005001700032008004100049010001700090020003200107035002000139040002700159042001400186050002300200082001900223100002900242245016000271260003100431300008000462500000800542504006400550538009000614650003000704700002400734700002600758856010400784856008900888856009000977906004501067942001801112952010801130 c332178d3321784957252NUST20171116122758.0951127s1995 nyua b 001 0 eng d a 96218392  a0471115215 (acidfree paper) a(OCoLC)33806060 aABcABdCNoSdOCUdDLC alccopycat00aHD69.P75bW95 199500a658.40 WYS2211 aWysocki, Robert K.9646910aEffective project management :bhow to plan, manage, and deliver projects on time and within budget /cRobert K. Wysocki, Robert Beck, Jr., David B. Crane. aNew York :bWiley,cc1995. axvii, 333 p. :bill. ;c23 cm. +e1 computer laser optical disc (4 3/4 in.) aP.B aIncludes bibliographical references (p. 318-321) and index. aSystem requirements for accompanying computer disk: MS Project version 4 for Windows. 0aProject management.924811 aBeck, Robert.964701 aCrane, David B.96471423Contributor biographical informationuhttp://www.loc.gov/catdir/enhancements/fy0607/96218392-b.html423Publisher descriptionuhttp://www.loc.gov/catdir/enhancements/fy0607/96218392-d.html413Table of contents onlyuhttp://www.loc.gov/catdir/enhancements/fy0607/96218392-t.html a7bcbcccopycatd2encipf19gy-gencatlg 2ddccBKkIESE 00102ddc40708NFICaIESEbIESEcGENd2017-11-16l0o658.40 WYSpIESE-688r2017-11-16w2017-11-16yBK